Cyclisme : Top 20 du Paris Nice 2025 - Statistiques

Statistiques générales
  • Ce quiz a été pris 172 fois
  • Le résultat moyen est 9 sur 20
Statistiques - réponses
Position Equipe Coureur % Correct
1er Visma Lease a Bike Matteo Jorgenson
97%
6eme UAE Team Emirates João Almeida
72%
5eme Tudor Michael Storer
70%
2eme RedBull - Bora-Hansgrohe Florian Lipowitz
68%
7eme XDS Astana Clément Champoussin
66%
13eme Groupama-FDJ Guillaume Martin
64%
18eme Decathlon AG2R La Mondiale Felix Gall
60%
3eme Ineos Grenadiers Thymen Arensman
58%
8eme XDS Astana Harold Tejada
55%
4eme Ineos Grenadiers Magnus Sheffield
55%
14eme Jayco AlUla Ben O'Connor
49%
10eme Soudal - Quick Step Ilan Van Wilder
49%
12eme Decathlon AG2R La Mondiale Aurélien Paret-Peintre
42%
11eme Movistar Pablo Castrillo
25%
9eme Ineos Grenadiers Tobias Foss
25%
16eme Arkéa - B&B Hotels Raul Garcia Pierna
22%
20eme Intermarché - Wanty Georg Zimmermann
14%
17eme Soudal - Quick Step Maximilian Schachmann
13%
19eme Intermarché - Wanty Kobe Goossens
10%
15eme Movistar William Barta
8%
Aucun quiz correspondant
Distribution des résultats
% des personnes avec chaque résultat
Percentile par nombre de réponses
Votre historique - résultats
Vous n’avez pas pris ce quiz